000
00286nam a22001337a 4500
008
210302b ||||| |||| 00| 0 eng d
020
_a
9781416062165
041
_a
eng
080
_2
4th
_a
611
100
_a
7
101
_a
ANA
245
_a
Physiology
_c
Costanzo,S.L
942
_2
udc
_c
BK
999
_c
55456
_d
55456